00459nam a2200109Ia 4500008004100000100002500041245013500066260003300201300001800234650001200252856008500264160712s9999 xx 000 0 und d aOracion, Enrique G.  cEnrique G. OracionaMining or Tourism: The Development Preference of Settlers Along Pagatban River in Negros Oriental, Philippines c2015bSocial Science Diliman avol. 11 no. 1 xTOURISM uhttp://journals.upd.edu.ph/index.php/socialsciencediliman/issue/view/477/showToc